| 000 | 00552nam a2200229Ia 4500 | ||
|---|---|---|---|
| 003 | OSt | ||
| 005 | 20221005120810.0 | ||
| 006 | a|||||r|||| 00| 0 | ||
| 007 | ta | ||
| 008 | 221004b |||||||| |||| 00| 0 ara d | ||
| 024 | _a113406 | ||
| 037 | _cTextual | ||
| 040 |
_aCRL _cCRL _bara |
||
| 041 |
_2ara _aara |
||
| 082 | _aV492, 28A61 | ||
| 100 |
_aNassau Lees _9629665 |
||
| 245 | 0 | _aFatu al shan al mansoob | |
| 260 | _c1861 | ||
| 650 | _aHISTORY | ||
| 942 |
_hV492, 28A61 _cTEXL _2cc |
||
| 999 |
_c1039160 _d1039160 |
||